| 000 | 00465nam a2200181Ia 4500 | ||
|---|---|---|---|
| 001 | 14904 | ||
| 005 | 20260306164948.0 | ||
| 008 | 260306t2004||||xx |||||||||||||| ||spa|| | ||
| 041 | _aESP | ||
| 082 |
_a519.5 _bL565 |
||
| 100 |
_aLong, J. Scott _eAUT |
||
| 245 | 0 | _aRegression models for categorical dependent variables using stata | |
| 260 | _c2004 | ||
| 300 |
_axxiii, 589 páginas : _c23 cm. |
||
| 650 | _aGEN | ||
| 654 | _aCMA | ||
| 942 |
_cLIB _dJUS _fJUS _2ddc _n |
||
| 999 |
_c14904 _d14904 |
||